| 000 | 00643nam a2200217 a 4500 | ||
|---|---|---|---|
| 008 | 951212s1974||||[C 0 slo c | ||
| 020 |
_c26 Kčs. _q(30000 výtl.) |
||
| 040 |
_aSNK _bslo _cSNK _eAACR2 |
||
| 041 | 1 |
_aslo _hfre |
|
| 044 |
_axo _cSK |
||
| 080 | _a840-3 | ||
| 100 | 1 |
_aMaupassant, Guy de _4aut |
|
| 245 | 1 | 0 |
_aMiláčik _cGuy de Maupassant ; Štefan Horváth, Pavel Blažo |
| 250 | _a3., vyd. | ||
| 260 |
_aBratislava _bTatran _c1974 _eBanská Bystrica _fTlačiarne SNP |
||
| 490 | 0 | _aSvetová tvorba | |
| 500 | _aRozlož. ilustr. tit. list. | ||
| 700 | 1 |
_aHorváth, Štefan _4trl |
|
| 700 | 1 |
_aBlažo, Pavel _4bkd |
|
| 958 | _aA | ||
| 999 |
_c10602 _d10602 |
||